000 01001nam a2200241 a 4500
001 41036
003 BD-RjUL
005 20211209053322.0
008 160514s2004 ii ||||| |||| 001 0 ben d
020 _a8185471355
_c: IRs. 200.00
035 _a(BD-RjUL) 41152
040 _aBD-RjUL
_bben
_cBD-RjUL
041 _aben
082 _223
_a891.4409
_bBHA 2004
100 _aভট্রাচার্য, তপোধীর
_9125983
245 1 0 _aআধুনিকতা :
_bপর্ব থেকে পর্বান্তর /
_cতপোধীর ভট্রাচার্য
250 _a২য় পরিবর্ধিত সং.
260 _aকলকাতা :
_bপুস্তক বিপণি,
_c২০০৪
300 _a৩৭৬ পৃ. ;
_c২১ সেমি.
650 _aবাংলা সাহিত্য
_xইতিহাস ও সমালোচনা
_9118060
650 _aBengali Literature
_xHistory and Criticism
_9120485
942 _2ddc
_cBK
999 _c41036
_d41036